| 000 -LEADER |
| fixed length control field |
00592 a2200217 4500 |
| 003 - CONTROL NUMBER IDENTIFIER |
| control field |
OSt |
| 005 - DATE AND TIME OF LATEST TRANSACTION |
| control field |
20260217130018.0 |
| 008 - FIXED-LENGTH DATA ELEMENTS--GENERAL INFORMATION |
| fixed length control field |
260217b ||||| |||| 00| 0 eng d |
| 020 ## - INTERNATIONAL STANDARD BOOK NUMBER |
| International Standard Book Number |
9789333223607 |
| 040 ## - CATALOGING SOURCE |
| Transcribing agency |
. |
| 082 ## - DEWEY DECIMAL CLASSIFICATION NUMBER |
| Classification number |
621.37 |
| Item number |
B169 |
| 100 ## - MAIN ENTRY--PERSONAL NAME |
| 9 (RLIN) |
6581 |
| Personal name |
Bakshi, Uday A. |
| 245 ## - TITLE STATEMENT |
| Title |
Electrical Measurements / |
| Statement of responsibility, etc. |
U.A. Bakshi and A.V. Bakshi |
| 250 ## - EDITION STATEMENT |
| Edition statement |
1st ed. |
| 260 ## - PUBLICATION, DISTRIBUTION, ETC. |
| Name of publisher, distributor, etc. |
Technical Publication, |
| Place of publication, distribution, etc. |
Pune : |
| Date of publication, distribution, etc. |
2020. |
| 300 ## - PHYSICAL DESCRIPTION |
| Extent |
9-42 p. |
| 650 #0 - SUBJECT ADDED ENTRY--TOPICAL TERM |
| 9 (RLIN) |
11 |
| Topical term or geographic name entry element |
Electrical Engineering |
|
| 9 (RLIN) |
1526 |
| Topical term or geographic name entry element |
Electric Measurements |
| 700 ## - ADDED ENTRY--PERSONAL NAME |
| 9 (RLIN) |
6620 |
| Personal name |
Bakshi, Ajay V. |
| 942 ## - ADDED ENTRY ELEMENTS (KOHA) |
| Source of classification or shelving scheme |
|
| Koha item type |
Books |